| 000 | 00725nam a2200217 i 4500 | ||
|---|---|---|---|
| 001 | 77741 | ||
| 003 | ES-MaACL | ||
| 005 | 20230906173347.0 | ||
| 007 | t| | ||
| 008 | 950529s2003 pr ||||1| spa d | ||
| 020 | _a0-8477-0111-5 | ||
| 080 | _a86.0(729.5)-14"19" | ||
| 080 | _a86.0(729.5)(Palés Matos,L.7 T.01) | ||
| 100 | 1 |
_aPalés Matos, Luis. _988550 |
|
| 245 | 1 | 0 |
_aTuntún de pasa y grifería / _cLuis Palés Matos ; edición de Mercedes López Baralt. |
| 260 |
_aSan Juan de Puerto Rico : _bUniversidad de Puerto Rico, _c2003. |
||
| 300 |
_a74 p. ; _c20 cm. |
||
| 700 | 1 |
_aLópez Baralt, Mercedes. _9208535 |
|
| 852 |
_aES-MaACL _jE-10264 _bR.134491 |
||
| 999 |
_c77741 _d77741 |
||